| 000 | 00915cab a2200301 4500 | ||
|---|---|---|---|
| 001 | ABS43736 | ||
| 008 | 090401t1990 xxu||||| |||| 00| 0 eng d | ||
| 035 | _a(Sirsi) u43273 | ||
| 041 | _aeng | ||
| 100 | _aGosselin, R. | ||
| 245 | _aEstimating with process simulation and expert systems | ||
| 260 | _c1990 | ||
| 350 | _a0 | ||
| 490 |
_aCost Engineer _v28 (6) 1990, 12-15(4) |
||
| 520 | _aLooks at Cowan Lavalin `s prototype estimating computer system integrating macro-driven spreadsheets , process simulation, expert system and database software . | ||
| 650 | _aCAPITAL COST ESTIMATE | ||
| 650 | _aCOST CAPACITY CURVETS | ||
| 650 | _aCOST DATABANK | ||
| 650 | _aCOST ENGINEERING | ||
| 650 | _aCURVE FITTING | ||
| 650 | _aFLOW SHEETS | ||
| 650 | _aMODELLING | ||
| 650 | _aSTATISTICS | ||
| 690 |
_aProject management _96261 |
||
| 700 | _aMcMullan, L.E. | ||
| 942 | _n0 | ||
| 948 | _c04/03/1997 | ||
| 999 |
_c27658 _d27658 |
||